000 02232nam a2200313 i 4500
001 000038329
003 DO-SdBNP
005 20260321073642.0
007 ta
008 110201s1995 dr 000 0 spa d
040 _aDO-SdBNP
_bspa
_cBNPHU
_erda
041 _aspa
082 4 _a972.9
_bB742d 1995
_222
100 1 _a Bosch, Juan,
_d1909-2001
_eautor
_4aut.
_976555
245 1 0 _aDe Cristóbal Colón a Fidel Castro :
_bel Caribe, frontera imperial /
_cJuan Bosch.
250 _aNovena edición
264 1 _aSanto Domingo, República Dominicana :
_bEditora Corripio, C. por A.,
_c1995.
300 _a712 páginas ;
_c24 cm.
336 _atexto
_btxt
_2rdacontent
337 _asin mediación
_bn
_2rdamedia
338 _avolumen
_bnc
_2rdacarrier
500 _aincluye índice de personas y lugares
504 _aBibliografía: páginas [657]-661
505 _aUnas palabras del autor -- Una frontera de cinco siglos -- El escenario de la frontera -- Indios y españoles en los primeros años de la frontera imperial -- La conquista del Caribe entre 1508 y 1527 -- La conquista entre 1526-1584 -- Sublevaciones de indios, africanos y españoles en el siglo XVI -- Las guerras de España en el siglo XVI -- Contrabandistas, bucaneros y filibusteros -- El siglo de la desmembración -- El tiempo del espanto -- Intermedio europeo -- El Caribe hasta la Paz de Utrecht -- Las guerras en el Caribe hasta la Paz de París (1763) -- La revolución Norteamericana y sus resultados en el Caribe -- La revolución francesa y su proyección en el Caribe -- El tiempo de la libertad -- Nacimiento de la República de Haití -- En los umbrales de la gran conmoción -- La guerra social venezolana -- La independencia de los territorios españoles -- 1821-1851. Los años de reajuste -- Los años de los episodios increíbles (1855-1861) -- Las luchas por la independencia de Cuba (1868-1898) -- El siglo del imperio norteamericano -- Los años de las balas y de los dólares -- Fidel Castro o la nueva etapa histórica del Caribe -- Bibliografía -- Índice de personas y lugares.
590 _aInventariado, 2026/BT
651 4 _aCaribe (Región)
_xHistoria
_987401
910 _aValidado. Control de calidad MFF
942 _2ddc
_cLBS1
999 _c37819
_d37819